Synonymes de peur - Statistiques

Statistiques générales
  • Ce quiz a été pris 314 fois
  • Le résultat moyen est 5 sur 36
Statistiques - réponses
Synonymes % Correct
terreur
54%
effroi
46%
angoisse
45%
horreur
40%
frousse
37%
frayeur
34%
trouille
34%
crainte
32%
anxiété
24%
phobie
22%
appréhension
18%
inquiétude
16%
panique
16%
épouvante
15%
pétoche
14%
frisson
12%
trac
8%
affolement
6%
cauchemar
6%
alerte
4%
couardise
4%
souci
4%
stupéfaction
4%
trouble
4%
affres
2%
intimidation
2%
poltronnerie
2%
timidité
2%
transe
2%
vertige
2%
aversion
1%
pleutrerie
1%
pusillanimité
1%
saisissement
1%
souleur
1%
venette
1%
Aucun quiz correspondant
Distribution des résultats
% des personnes avec chaque résultat
Percentile par nombre de réponses
Votre historique - résultats
Vous n’avez pas pris ce quiz